000 00610nam a2200229Ia 4500
003 OSt
005 20220928114142.0
006 a|||||r|||| 00| 0
007 ta
008 220927b |||||||| |||| 00| 0 eng d
024 _a90374
037 _cTextual
040 _aSDCL
_cSDCL
_beng
041 _2eng
_aeng
082 _aV2:19'N6, L6
100 _aNanda B R Ed.
_9437196
245 0 _aIndian foreign policy
_bThe Nehru years
260 _aDelhi
_bVikas Publishing
_c1976
300 _aviii,279p
_ccm.
942 _hV2:19'N6, L6
_cTEXL
_2CC
999 _c753166
_d753166